• 首页
  • 本馆介绍
  • 公告通知
  • 最新文献
  • 馆藏检索
  • 电子资源
  • 读者导购
  • 参考咨询
  • 我的图书馆
  • 登录
  • 详细信息显示
  • 放入我的书架
  • 预约/预借图书
  • 作者相关作品
  • 分类相关作品
  • 丛书相关作品
  • 出版社相关作品

书目信息

  • 表格格式
  • 工作单格式
  • 卡片格式
题名:
新时代档案工作新思维
    
 
作者: 杨冬权 著
分册:  
出版信息: 上海   上海远东出版社  2022.11
页数: 16,439页
开本: 24cm
丛书名:
单 册:
中图分类: G279.2
科图分类:
主题词: 档案工作--研究--中国
电子资源:
ISBN: 978-7-5476-1813-4
000 00753nam0 2200229 450
001 012001002892
005 20140203104910.0
010    @a978-7-5476-1813-4@dCNY118.00
100    @a20220905d2022 em y0chiy0110 ea
101 0  @achi
102    @aCN@b310000
105    @ay z 000yy
106    @ar
200 1  @a新时代档案工作新思维@Axin shi dai dang an gong zuo xin si wei@f杨冬权著
210    @a上海@c上海远东出版社@d2022.11
215    @a16,439页@d24cm
330    @a本书全景展现我国档案事业发展历程中取得的辉煌成就,深入分析我国档案事业发展中存在的主要问题,并给出系统的解决方案。
606 0  @a档案工作@x研究@y中国
690    @aG279.2@v5
701  0 @a杨冬权@Ayang dong quan@4著
801  0 @aCN@bAHXH@c20221111
905    @b1375352-4@dG279.2@e269@f3
    
    新时代档案工作新思维/杨冬权著.-上海:上海远东出版社,2022.11
    16,439页;24cm
    
    
    ISBN 978-7-5476-1813-4:CNY118.00
    本书全景展现我国档案事业发展历程中取得的辉煌成就,深入分析我国档案事业发展中存在的主要问题,并给出系统的解决方案。
●
相关链接 在E读中查询图书 在五车中查询图书 在当当中查询图书 在豆瓣中查询图书


正题名:新时代档案工作新思维     索取号:G279.2/269         预约/预借

序号 登录号 条形码 馆藏地/架位号 状态 备注
1 1375352   213753525   第一样本阅览室/ [索取号:G279.2/269] 在馆    
2 1375353   213753534   第四借阅区/ [索取号:G279.2/269] 在馆    
3 1375354   213753543   第四借阅区/ [索取号:G279.2/269] 在馆    
唐山师范学院图书馆 欢迎您!
大连网信软件有限公司© 版权所有